Immigration Law

Detalles Bibliográficos
Autor principal: Galloway, Donald
Formato: eBook
Lenguaje:inglés
Publicado: Toronto: Irwin Law Inc., 1997
Materias:
Acceso en línea:Acceso restringido

MARC

LEADER 00000nam a22000007a 4500
005 20210901224217.0
007 cr|||| ||||
008 210901s1997 ca |||||s|||| 00||0 eng d
020 |a 9781459314306 
035 |a 35336 
040 |a VlEX 
090 |c 12198  |d 12198 
100 1 |a Galloway, Donald 
245 1 0 |a Immigration Law  |h [Recurso electrn̤ico] /  |c Donald Galloway 
256 |a Servicio en ln̕ea 
260 |a Toronto:  |b Irwin Law Inc.,  |c 1997 
300 |a 1 recurso electrn̤ico 
506 1 |a Disponible solo en los productos indicados  |d vLex Global  |d vLex Global (Academic Edition, excluding Law Schools)  |d vLex Global (U.S. Academic Edition, Law Schools)  |d vLex Global (U.S. Academic Edition, excluding Law Schools)  |d vLex Global (Academic Edition, Law Schools) 
650 0 4 |a Derecho Comunitario  |z Canad̀ 
740 0 |a vLex Libros (Servicio en ln̕ea) 
856 4 0 |u https://app.vlex.com/#/sources/35336  |z Acceso restringido 
942 |c BOOK 
999 0 |a Community Law